00400nam a2200157Ia 4500008004100000020001800041041000800059082001600067100001700083245002700100260003300127300002600160365001700186500000900203700003000212230718s9999 xx 000 0 und d a81-7224-170-4 aeng a621.38bSTU aStuller J.A. aBasic Circuit Analysis c1993bJaico Publishing House a881dRef 26 E ( 2666) cRs.b1200.00 a26 E aStuller J.A. & Cunningham